Statistics for Clash Royale Groups

Click here to take the quiz!

General Stats

  • This quiz has been taken 62 times
    (50 since last reset)
  • The average score is 21 of 43

Answer Stats

HintAnswer% Correct
Legendaries (type im dumb ------>im dumb
73%
Arenas (type arenas ----->arenas
71%
1Goblin Stadium
71%
was this quiz amazingyes
69%
Commons (type hiiiii ---->hiiiii
67%
4P.E.K.K.A's Playhouse
67%
3Barbarian Bowl
65%
8Frozen Peak
65%
7Royal Arena
65%
9Jungle Arena
60%
5Spell Valley
60%
2Bone Pit
58%
6Builder's Workshop
58%
4Inferno Dragon
58%
4Lava Hound
56%
7Princess
56%
6Miner
54%
Training CampArchers
52%
7 (NEW)Electro Wizard
52%
10Hog Mountain
50%
5Ice Wizard
48%
8Lumberjack
48%
Training CampArrows
46%
Training CampKnight
46%
2Skeletons
46%
6Sparky
46%
6The Log
46%
3Barbarians
44%
1Goblins
44%
8Ice Spirit
40%
2Minions
40%
1Spear Goblins
40%
Training CampBomber
35%
5Graveyard
35%
5Zap
33%
7Elite Barbarians
31%
11Legendary Arena
31%
7Royal Giant
31%
5Fire Spirits
29%
4Minion Horde
29%
3Cannon
27%
6Mortar
25%
4Tesla
23%

Score Distribution

Percentile by Number Answered

Percent of People with Each Score

Your Score History

You have not taken this quiz since the last reset